[Event "AIG Life rapid QF3"]
[Site "Warsaw POL"]
[Date "2002.12.22"]
[Round "1"]
[White "Krasenkow,M"]
[Black "Miroshnichenko,E"]
[Result "0-1"]
[WhiteElo "2651"]
[BlackElo "2548"]

1.d4 Nf6 2.c4 g6 3.Nc3 Bg7 4.e4 O-O 5.Nf3 c6 6.Bd3 d6 7.O-O e5 8.d5 a5 9.h3 Na6
10.Bg5 Nc5 11.Bc2 Qc7 12.Nd2 cxd5 13.cxd5 Bd7 14.a4 Rfc8 15.Rc1 Ne8 16.Qe2 Qb6
17.Nb5 Bxb5 18.Qxb5 Qxb5 19.axb5 Nc7 20.Nc4 Nxb5 21.Nb6 Nd4 22.Bd1 Re8 23.Nxa8 Rxa8
24.f3 b5 25.Be3 b4 26.Rc4 Nd3 27.Bc1 a4 28.Bxa4 Nxc1 29.Rxb4 Nd3 30.Rc4 Nxb2
31.Bc6 Nxc4 32.Bxa8 Bh6 33.Rb1 Be3+ 34.Kh2 Kg7 35.Bc6 Nd2 36.Rd1 h5 37.h4 Ne2
38.Re1 Bf4+ 39.Kh3 Ng3 40.Bb5 f5 41.Bd3 fxe4 42.fxe4 Kf6 43.Bc2 g5 44.hxg5+ Kxg5
45.Bd3 h4 46.Bc2 Ndf1 47.Bd1 Bd2 48.Rxf1 Nxf1 49.Bf3 Bf4  0-1

[Event "AIG Life rapid pl 13-16"]
[Site "Warsaw POL"]
[Date "2002.12.22"]
[Round "2"]
[White "Krasenkow,M"]
[Black "Chernyshov,K"]
[Result "1-0"]
[WhiteElo "2651"]
[BlackElo "2549"]

1.Nf3 Nf6 2.c4 b6 3.Nc3 Bb7 4.d4 e6 5.a3 Ne4 6.Nxe4 Bxe4 7.Nd2 Bg6 8.e4 Nc6
9.d5 Nd4 10.Bd3 e5 11.O-O Bd6 12.b3 c5 13.Nb1 O-O 14.Nc3 a6 15.g3 Qe7 16.f3 f5
17.exf5 Bxf5 18.Ne4 h6 19.g4 Bg6 20.Ra2 Rf7 21.Rg2 Raf8 22.Rg3 Bc7 23.Kg2 Bxe4
24.Bxe4 Bd8 25.Bb1 Qf6 26.Qd3 g5 27.Qd1 Qg7 28.Be4 d6 29.Rh3 b5 30.Rh5 Rf4
31.Bxf4 exf4 32.Re1 Bf6 33.Bb1 Rb8 34.Qd3 Be5 35.h4 bxc4 36.Qxc4 Rxb3 37.hxg5 Rb2+
38.Kh1 Nxf3 39.Qxa6 Qb7 40.Qxb7 Rxb7 41.Rd1 hxg5 42.Be4 Nd4 43.Rxg5+ Kf7
44.Rh5 Rb3 45.g5 Re3 46.Bd3 f3 47.Rh3 Ne2 48.g6+ Kg8 49.Rb1 Rxd3 50.Rh7 Bg7
51.Rb8+ Bf8 52.Rf7  1-0

[Event "AIG Life rapid QF3"]
[Site "Warsaw POL"]
[Date "2002.12.22"]
[Round "6"]
[White "Krasenkow,M"]
[Black "Malaniuk,V"]
[Result "1-0"]
[WhiteElo "2651"]
[BlackElo "2556"]

1.d4 Nf6 2.c4 d6 3.Nc3 Nbd7 4.e4 e5 5.Nf3 Be7 6.Be2 c6 7.O-O a6 8.Qc2 O-O
9.Rd1 Qc7 10.Rb1 Re8 11.b4 exd4 12.Nxd4 Ne5 13.Bf4 h6 14.a4 Bf8 15.Bg3 a5
16.b5 Nfd7 17.f4 Ng6 18.Nf5 Nf6 19.b6 Qb8 20.Kh1 Kh8 21.Bf3 Ra6 22.c5 dxc5
23.e5 Nd7 24.Nd6 Bxd6 25.Rxd6 Rxb6 26.Rbd1 Rb4 27.e6 Nxf4 28.exd7 Bxd7 29.Rxd7 Qc8
30.Qf5 Ne6 31.Qxf7  1-0

[Event "AIG Life rapid"]
[Site "Warsaw POL"]
[Date "2002.12.22"]
[Round "7"]
[White "Tiviakov,S"]
[Black "Krasenkow,M"]
[Result "1/2-1/2"]
[WhiteElo "2631"]
[BlackElo "2651"]

1.e4 c5 2.Nf3 Nc6 3.d4 cxd4 4.Nxd4 Nf6 5.Nc3 e5 6.Ndb5 d6 7.Bg5 a6 8.Na3 b5
9.Nd5 Be7 10.Bxf6 Bxf6 11.c3 O-O 12.Nc2 Bg5 13.Be2 Ne7 14.Nce3 Bxe3 15.Nxe3 Be6  1/2-1/2

[Event "German Cup Final"]
[Site "Berlin GER"]
[Date "2003.03.22"]
[Round "1"]
[White "Krasenkow,M"]
[Black "Gustafsson,J"]
[Result "1-0"]
[WhiteElo "2633"]
[BlackElo "2566"]

1.d4 d5 2.c4 c6 3.Nc3 Nf6 4.e3 a6 5.Qc2 e6 6.c5 e5 7.dxe5 Nfd7 8.f4 Nxc5
9.Nf3 g6 10.Nd4 f6 11.exf6 Qxf6 12.b4 Ne6 13.Nxd5 Qh4+ 14.g3 Qd8 15.Nxe6 Bxe6
16.Nc3 Bxb4 17.Bb2 Nd7 18.O-O-O Qe7 19.e4 Ba3 20.f5 Bf7 21.Na4 O-O 22.Bc4 Bxb2+
23.Nxb2 Ne5 24.Bb3 b5 25.Rhf1 Bxb3 26.Qxb3+ Kg7 27.Nd3 Nxd3+ 28.Rxd3 Rae8
29.Qc3+ Qe5 30.Rf4 Qxc3+ 31.Rxc3 Rf6 32.fxg6 Rxf4 33.gxf4 Rxe4 34.gxh7 Rxf4
35.Rxc6 Kxh7 36.Rxa6 Rf2 37.h4 Rh2 38.Ra5 Kg6 39.Kb1 b4 40.Rg5+ Kf6 41.Rg4 Ke5
42.Rxb4 Kd5 43.a4 Kc5 44.Rg4 Kd5 45.a5 Kc6 46.a6 Kb6 47.Ra4 Ka7 48.Kc1 Rg2
49.Kd1 Rh2 50.Ke1 Rg2 51.Kf1 Rh2 52.Kg1 Rb2 53.h5 Rb5 54.Rh4 Kxa6 55.h6  1-0

[Event "25th Politiken Cup"]
[Site "Copenhagen DEN"]
[Date "2003.07.24"]
[Round "10"]
[White "Kallio,H"]
[Black "Krasenkow,M"]
[Result "1/2-1/2"]
[WhiteElo "2471"]
[BlackElo "2585"]

1.d4 d5 2.Bg5 f6 3.Bf4 Nc6 4.c3 e5 5.Bg3 Be6 6.e3 Bd6 7.Bb5 Ne7 8.dxe5 fxe5
9.Nf3 Bg4 10.Qb3 Bxf3 11.gxf3 O-O 12.Nd2 Kh8 13.Bd3 Rb8 14.Qc2 Qe8 15.h4 e4
16.fxe4 Bxg3 17.fxg3 dxe4 18.Nxe4 Nf5 19.Qe2 Qg6 20.g4 Nh6 21.Ng5 Qd6 22.O-O-O Ne5
23.Bxh7 Qa6 24.Qxa6 bxa6 25.Bc2 Nhxg4 26.Rhe1 Nc4 27.Rd7 Ncxe3 28.Nf7+ Kg8
29.Bb3 Rxb3 30.axb3 Rxf7 31.Rxf7 Kxf7 32.Kd2 Nf5 33.Re4 Nf6 34.Ra4 Ke7 35.Rxa6 Nxh4
36.Rxa7 Kd6 37.b4 g5 38.Ra6+ Ke5 39.Rc6 g4 40.Rxc7 g3 41.Rg7 g2 42.b5 Nf3+
43.Ke3 g1=Q+ 44.Rxg1 Nxg1 45.c4 Ng4+ 46.Kd3 Kd6 47.b4 Ne5+ 48.Kd4 Ngf3+ 49.Kc3 Nd7
50.c5+ Kd5 51.b6 Nd4 52.b5 Nxb5+ 53.Kd2 Nd4 54.c6 Nxc6  1/2-1/2

[Event "Polish Extraleague"]
[Site "Lubniewice POL"]
[Date "2003.08.31"]
[Round "2"]
[White "Czerwonski,A"]
[Black "Krasenkow,M"]
[Result "0-1"]
[WhiteElo "2373"]
[BlackElo "2585"]

1.d4 d5 2.c4 e6 3.Nf3 c6 4.cxd5 exd5 5.Nc3 Bf5 6.Bf4 Qb6 7.Qc1 Nf6 8.e3 Be7
9.Nh4 Be4 10.Be2 h6 11.Nxe4 Nxe4 12.Nf5 Bb4+ 13.Kf1 g6 14.Be5 f6 15.Bxb8 Rxb8
16.Nh4 Kf7 17.f3 Nd6 18.Qc2 f5 19.a3 Ba5 20.f4 Rhe8 21.Nf3 Rxe3 22.b4 Rxf3+
23.gxf3 Qxd4 24.Rd1 Qxf4 25.bxa5 Re8 26.Qd2 Qh4 27.Kg2 f4 28.Rhg1 Nf5 29.Bd3 Ne3+
30.Kh1 g5 31.Rb1 Re7 32.Rbc1 a6 33.Rb1 Qh3 34.Qf2 c5 35.Rb6 c4 36.Bf1 Qh5
37.Bg2 c3 38.Bf1 Nd1 39.Qg2 c2 40.Be2 c1=Q 41.Bxd1 Qh4 42.Qa2 Qc5  0-1

[Event "Polish Extraleague"]
[Site "Lubniewice POL"]
[Date "2003.09.01"]
[Round "3"]
[White "Krasenkow,M"]
[Black "Mikrut,D"]
[Result "1-0"]
[WhiteElo "2585"]
[BlackElo "2390"]

1.d4 Nf6 2.Nf3 g6 3.c4 c5 4.Nc3 Bg7 5.d5 d6 6.h3 O-O 7.e4 e6 8.Bd3 exd5 9.exd5 Re8+
10.Be3 a6 11.O-O b5 12.cxb5 Nbd7 13.Re1 Nb6 14.Qb3 axb5 15.Bxb5 Bd7 16.a4 Bxb5
17.axb5 Qc8 18.Rxa8 Qxa8 19.Rd1 Ne4 20.Bf4 c4 21.Qc2 Nxc3 22.bxc3 Nxd5 23.Bd2 Re2
24.Re1 Rxe1+ 25.Bxe1 Qa5 26.Qb1 Nb6 27.Qe4 Qxb5 28.Qb7 Qc5 29.Bd2 Nc8 30.Ng5  1-0

[Event "ECC"]
[Site "Rethymnon GRE"]
[Date "2003.09.28"]
[Round "1"]
[White "Bjornsson,S"]
[Black "Krasenkow,M"]
[Result "0-1"]
[WhiteElo "2302"]
[BlackElo "2585"]

1.e4 g6 2.d4 Bg7 3.Nc3 c6 4.Nf3 d6 5.Be3 b5 6.Bd3 Nf6 7.Qd2 Ng4 8.Bg5 h6
9.Bh4 O-O 10.h3 Nf6 11.O-O-O Qa5 12.Kb1 b4 13.Ne2 Be6 14.Nc1 Nbd7 15.Rhe1 Rfb8
16.Nb3 Qc7 17.g4 a5 18.g5 hxg5 19.Nxg5 Nf8 20.f4 a4 21.Nc1 c5 22.d5 Bxd5
23.e5 b3 24.cxb3 axb3 25.a3 c4 26.Bf1 Rxa3 27.bxa3 c3 28.Qd3 c2+ 29.Kb2 cxd1=Q
30.Qxd1 dxe5 31.fxe5 Ne4  0-1

[Event "21st Open"]
[Site "Reykjavik ISL"]
[Date "2004.03.08"]
[Round "2"]
[White "Thorfinnsson,Br"]
[Black "Krasenkow,M"]
[Result "0-1"]
[WhiteElo "2380"]
[BlackElo "2609"]

1.d4 g6 2.c4 Bg7 3.e4 d6 4.Be2 Nc6 5.Be3 e5 6.Nf3 Bg4 7.dxe5 Bxf3 8.Bxf3 dxe5
9.Qa4 Ne7 10.Nc3 O-O 11.h4 h5 12.Nd5 Nd4 13.Bxd4 exd4 14.O-O-O Nc6 15.Kb1 Ne5
16.Qb3 c6 17.Nb4 Qf6 18.Rh3 d3 19.Nxd3 Nxd3 20.Rxd3 Rad8 21.Bd1 Qxf2 22.Qc2 Qf6
23.g4 hxg4 24.Bxg4 Rxd3 25.Rxd3 Qxh4 26.Qg2 Re8 27.Bf3 Re5 28.Qd2 Rg5 29.a3 Rg1+
30.Ka2 Rf1 31.Be2 Rf2 32.Rf3 Rh2 33.Qe3 Qe1  0-1

[Event "21st Open"]
[Site "Reykjavik ISL"]
[Date "2004.03.10"]
[Round "4"]
[White "Romanishin,O"]
[Black "Krasenkow,M"]
[Result "1/2-1/2"]
[WhiteElo "2537"]
[BlackElo "2609"]

1.d4 d5 2.c4 e6 3.Nf3 Nf6 4.g3 dxc4 5.Bg2 Nc6 6.Qa4 Bb4+ 7.Bd2 Nd5 8.Bxb4 Nxb4
9.O-O Rb8 10.Nc3 a6 11.Ne5 O-O 12.Nxc6 Nxc6 13.Bxc6 bxc6 14.Qxc4 Rxb2 15.Rab1 Rb6
16.Qc5 Re8 17.a4 e5 18.dxe5 Bf5 19.Rbd1 Qc8 20.Rd4 h6 21.Rfd1 Kh7 22.Qc4 Be6
23.Qd3+ Bf5 24.Qc4 Be6 25.Qc5 Bh3 26.Ne4 Qf5 27.Nd6 Rxe5 28.Qxb6 cxb6 29.Nxf5 Bxf5
30.R1d2 Rc5 31.f3 a5 32.Rd8 Be6 33.Ra8 Rc4 34.Rb2 Rxa4 35.Rxb6 Ra2 36.Kf2 Bc4
37.Re8 a4 38.Re3 Bb5 39.Rb7 Kg6 40.g4 Kf6 41.h4 g5 42.hxg5+ hxg5 43.Rd7 Rb2
44.Rd4 Kg7 45.Rde4 Kf6 46.Re5 a3 47.Rf5+ Kg6 48.Rxa3 Rxe2+ 49.Kg3 Bc4 50.Ra8 f6
51.Rd8 Be6 52.Ra5 Bd5 53.Ra3 Re7 54.Kf2 Kg7 55.Rda8 Kg6 56.R3a7 Rxa7 57.Rxa7 f5
58.Ra8 f4 59.Rd8 Kf6 60.Rd6+ Kf7 61.Rh6 Kg7 62.Rh3 Kg6 63.Ke2 Kf6 64.Kd3 Ke5
65.Kc3 Ke6 66.Kd4 Kf6 67.Rh6+ Kg7 68.Rh3 Kf6 69.Kd3 Ke5 70.Ke2 Kf6 71.Rh6+ Kg7
72.Rh2 Kg6 73.Rf2 Kf6 74.Kd3 Ke5 75.Kc3 Ke6 76.Kd4 Kf6 77.Rf1  1/2-1/2

[Event "German Cup Final"]
[Site "Efurt GER"]
[Date "2004.03.20"]
[Round "1"]
[White "Krasenkow,M"]
[Black "Sievers,S"]
[Result "1-0"]
[WhiteElo "2609"]
[BlackElo "2358"]

1.d4 Nf6 2.c4 c5 3.d5 b5 4.Nf3 Bb7 5.Nbd2 Qa5 6.e4 bxc4 7.Bxc4 e6 8.O-O exd5
9.exd5 d6 10.Re1+ Be7 11.b4 cxb4 12.Nd4 Bc8 13.Bb5+ Bd7 14.Nc4 Qc7 15.Nf5 Bxb5
16.Ncxd6+  1-0

[Event "5th IECC"]
[Site "Antalya TUR"]
[Date "2004.05.17"]
[Round "3"]
[White "Krasenkow,M"]
[Black "Iljushin,A"]
[Result "1-0"]
[WhiteElo "2609"]
[BlackElo "2529"]

1.d4 e6 2.c4 f5 3.Nc3 Nf6 4.Qc2 Bb4 5.e3 b6 6.Bd3 Bxc3+ 7.Qxc3 Bb7 8.f3 O-O
9.b4 Qe7 10.a4 a5 11.b5 d6 12.Ne2 Nbd7 13.O-O Rae8 14.Bc2 Nh5 15.Nf4 Nhf6
16.Bb3 Qf7 17.Ba3 g5 18.Nd3 Rc8 19.c5 c6 20.Rac1 cxb5 21.axb5 bxc5 22.dxc5 dxc5
23.Bxc5 Bd5 24.Bxd5 Nxd5 25.Qxa5 Nxc5 26.Nxc5 Nxe3 27.Rfe1 f4 28.b6 e5 29.Ne4 Rce8
30.Rc7 Qg6 31.h3 h5 32.Rec1 Rd8 33.R1c6 Rd1+ 34.Kf2 Qe8 35.Qa7 Nf5 36.Qa2+ Kh8
37.Nxg5 Rd7 38.Qa7 Qd8 39.Rxd7 Qxg5 40.Qa1 Ne3 41.Qg1 Ra8 42.Rd2 Rg8 43.b7 Qg7
44.Rdd6 Qxb7 45.Rh6+ Kg7 46.Qa1 Nc4 47.Rcg6+ Kf8 48.Rxg8+ Kxg8 49.Qa2 Kg7
50.Ra6 Qd5 51.Kg1 Qd4+ 52.Kh2 Nd6 53.Qe6 Qf2 54.Qe7+ Nf7 55.Qf6+  1-0

[Event "5th IECC"]
[Site "Antalya TUR"]
[Date "2004.05.24"]
[Round "9"]
[White "Krasenkow,M"]
[Black "Navara,D"]
[Result "1/2-1/2"]
[WhiteElo "2609"]
[BlackElo "2602"]

1.d4 Nf6 2.c4 e6 3.Nf3 b6 4.Nc3 Bb7 5.a3 d5 6.cxd5 Nxd5 7.Qc2 Nxc3 8.bxc3 Be7
9.e4 O-O 10.Bd3 c5 11.O-O Qc8 12.Qe2 Ba6 13.Rd1 Rd8 14.e5 Bxd3 15.Rxd3 cxd4
16.cxd4 Nc6 17.Qe4 Rd5 18.Be3 Qe8 19.Rc3 Rad8 20.Rac1 Na5 21.h4 b5 22.Ng5 g6
23.h5 h6 24.Nh3 g5 25.f4 Nc4 26.Bf2 f5 27.exf6 Bxf6 28.fxg5 hxg5 29.Re1 Rxd4
30.Qf3 Qf7 31.Bxd4 Bxd4+ 32.Kh1 Bxc3 33.Qxc3 Qxh5 34.Qf6 Re8 35.Rxe6 Rxe6
36.Qxe6+ Qf7 37.Qg4 Nxa3 38.Nxg5 Qg6 39.Qc8+ Kg7 40.Qc7+ Kf6 41.Qf4+ Kg7  1/2-1/2

[Event "TCh-GRE"]
[Site "Aghia Pelagia GRE"]
[Date "2004.07.06"]
[Round "3"]
[White "Krasenkow,M"]
[Black "Chuchelov,V"]
[Result "1-0"]
[WhiteElo "2632"]
[BlackElo "2574"]

1.d4 Nf6 2.c4 e6 3.Nf3 b6 4.Nc3 Bb4 5.Bg5 Bb7 6.Nd2 h6 7.Bh4 Be7 8.e4 O-O
9.Bg3 d5 10.cxd5 exd5 11.e5 Nfd7 12.Bd3 c5 13.Nf3 Nc6 14.O-O cxd4 15.Ne2 Bc5
16.Bb5 d3 17.Qxd3 Re8 18.Bxc6 Bxc6 19.Ned4 Bb7 20.Rfe1 Bb4 21.Re3 Nc5 22.Qb5 a5
23.a3 Ba6 24.Qc6 Bb7 25.Qd6 Qc8 26.axb4 Rd8 27.Qxb6  1-0

[Event "TCh-GRE"]
[Site "Aghia Pelagia GRE"]
[Date "2004.07.07"]
[Round "4"]
[White "Kotronias,V"]
[Black "Krasenkow,M"]
[Result "1/2-1/2"]
[WhiteElo "2608"]
[BlackElo "2632"]

1.e4 c5 2.Nf3 Nc6 3.d4 cxd4 4.Nxd4 Nf6 5.Nc3 e5 6.Ndb5 d6 7.Bg5 a6 8.Na3 b5
9.Bxf6 gxf6 10.Nd5 f5 11.Bd3 Be6 12.O-O Bxd5 13.exd5 Ne7 14.c4 Bg7 15.Qd2 bxc4
16.Nxc4 O-O 17.Rac1 Rb8 18.b3 e4 19.Be2 Rb5 20.Ne3 Qa5 21.Qe1 Qxe1 22.Rfxe1 Ra5
23.a4 f4 24.Nc4 Rxd5 25.Nb6 Rd4 26.Bxa6 Rb8 27.a5 d5 28.Rc7 Bf8 29.Bb7 Rb4
30.Rb1 e3 31.Kf1 d4 32.Ke2 Ng6 33.Bd5 Ne5 34.fxe3 fxe3 35.Nc4 R4b5 36.Nxe5 Rxd5
37.Nd7 d3+ 38.Kxe3 Re8+ 39.Kf3 Rd6 40.Nxf8 Kxf8 41.Rd1 Rf6+ 42.Kg4 Re2 43.Rxd3 Rxg2+
44.Kh3 Rg5 45.Rc8+ Ke7 46.Rc7+ Kf8  1/2-1/2

[Event "TCh-GRE"]
[Site "Aghia Pelagia GRE"]
[Date "2004.07.07"]
[Round "5"]
[White "Krasenkow,M"]
[Black "Managadze,N"]
[Result "1-0"]
[WhiteElo "2632"]
[BlackElo "2463"]

1.Nf3 c5 2.c4 Nc6 3.d4 cxd4 4.Nxd4 g6 5.e4 Bg7 6.Be3 Nf6 7.Nc3 O-O 8.f3 d6
9.Qd2 Nxd4 10.Bxd4 Be6 11.Nd5 Nxd5 12.Bxg7 Kxg7 13.exd5 Bd7 14.h4 h5 15.O-O-O Qb6
16.g4 hxg4 17.Re1 Rae8 18.h5 Rh8 19.Bd3 Qd4 20.Re4 Qf6 21.fxg4 e5 22.dxe6 Rxe6
23.Rf4 Qe7 24.Rhf1 Be8 25.hxg6 fxg6 26.Qc3+ Re5 27.c5 d5 28.Kb1 Qg5 29.Bf5 Kf6
30.R4f3 Rh7 31.Re1 Re7 32.Bd7+ Kg7 33.Rfe3 Bxd7 34.Rxe5 Rxe5 35.Rxe5 Qxg4
36.Re4+  1-0

[Event "ACT Open"]
[Site "Amsterdam NED"]
[Date "2004.07.17"]
[Round "1"]
[White "Lahaye,R"]
[Black "Krasenkow,M"]
[Result "0-1"]
[WhiteElo "2306"]
[BlackElo "2632"]

1.e4 g6 2.d4 Bg7 3.c4 d6 4.Nc3 e5 5.d5 h5 6.Bd3 Nd7 7.Nge2 h4 8.f3 Bh6 9.Bxh6 Rxh6
10.Qd2 Kf8 11.O-O-O Kg7 12.Kb1 Ngf6 13.Rc1 a5 14.Nd1 Nc5 15.Ne3 c6 16.g4 Nh7
17.Rhf1 Ng5 18.Rcd1 f6 19.Bc2 Qb6 20.Qc3 Nf7 21.f4 Qb4 22.g5 fxg5 23.fxe5 Nxe5
24.Qd4 Bh3 25.dxc6 Ne6 26.cxb7 Rb8 27.Qxd6 Qxd6 28.Rxd6 Bxf1 29.Rxe6 Bxe2
30.Re7+ Nf7 31.c5 Kf8 32.Rc7 Ba6 33.c6 Ne5 34.Bb3 Nxc6 35.Ng4 Ne7 36.Nxh6 Rxb7
37.Rc3 Rb4 38.Rf3+ Kg7 39.Ng4 Bc4 40.Bxc4 Rxc4 41.Ne5 Rc7 42.Rf7+ Kg8 43.b3 g4
44.Rf4 g3 45.hxg3 hxg3 46.Rg4 Rc3 47.Nxg6 Nxg6 48.Rxg6+ Kh7 49.Rg4 Kh6 50.Kb2 Kh5
51.Rg8 Re3 52.Ka3 Kh4 53.Rh8+ Kg4 54.Ka4 Rxe4+ 55.Kxa5 Re5+ 56.Ka4  0-1

[Event "ACT Open"]
[Site "Amsterdam NED"]
[Date "2004.07.20"]
[Round "4"]
[White "Krasenkow,M"]
[Black "Stellwagen,D"]
[Result "1-0"]
[WhiteElo "2632"]
[BlackElo "2509"]

1.Nf3 Nf6 2.c4 g6 3.d4 Bg7 4.Nc3 O-O 5.e4 d6 6.h3 e5 7.d5 a5 8.Bg5 Na6 9.Be2 c6
10.Nd2 Nc5 11.O-O Qe7 12.b3 h6 13.Be3 Nh7 14.a3 f5 15.b4 axb4 16.axb4 Rxa1
17.Qxa1 f4 18.bxc5 fxe3 19.cxd6 exf2+ 20.Rxf2 Qxd6 21.Qa5 Rxf2 22.Kxf2 Bf8
23.Nf3 Nf6 24.dxc6 bxc6 25.Qxe5 Qxe5 26.Nxe5 Bb4 27.Nxc6 Bxc3 28.Ne7+ Kf7
29.Nxc8 Nxe4+ 30.Ke3 Nc5 31.Bd3 Be5 32.Nb6 Kf6 33.Nd5+ Kf7 34.Bc2 Bb2 35.Nf4 Bc1+
36.Kf3 g5 37.Ne2 Bb2 38.Kg4 Ne6 39.Ng3 Nd4 40.Bb1 Ba3 41.Ne4 Ne6 42.g3 Be7
43.Kf5 h5 44.Ke5 h4 45.g4 Nf4 46.c5 Ke8 47.c6 Kd8 48.Nc3 Bb4 49.Nb5 Ba5 50.Kf5 Nxh3
51.Be4 Nf2 52.Bf3 h3 53.Kxg5 h2 54.Kf4 h1=Q 55.Bxh1 Nxh1 56.Kf3 Bb6 57.g5 Ke7
58.Nc3 Kf7 59.Nd5 Ba5 60.Nf4 Bc7 61.g6+ Kg8 62.Nd5 Ba5 63.Kg2 Kg7 64.Nf4 Kh6
65.Kxh1 Bc7 66.g7 Kh7 67.Ne6 Bd6 68.Kg2 Kg8 69.Kf3 Kf7 70.Ke4 Bb8 71.Kd5 Bg3
72.Kc5 Be5 73.Kb6 Bd6 74.c7  1-0

[Event "German Cup"]
[Site "Baden Baden GER"]
[Date "2005.04.16"]
[Round "1"]
[White "Krasenkow,M"]
[Black "Cordes,K"]
[Result "1-0"]
[WhiteElo "2672"]
[BlackElo "2263"]

1.d4 Nf6 2.c4 g6 3.Nc3 Bg7 4.e4 d6 5.Nf3 O-O 6.h3 c5 7.d5 e6 8.Bd3 exd5 9.cxd5 b5
10.Bxb5 Nxe4 11.Nxe4 Qa5+ 12.Nfd2 Qxb5 13.Nxd6 Qa6 14.N2c4 Rd8 15.Qe2 Bd7
16.Qe7 Rf8 17.O-O Bb5 18.Nxb5 Qxb5 19.Qh4 Nd7 20.Bg5 Bd4 21.Rac1 Qa6 22.b4 Rfe8
23.Be3 Bxe3 24.Nxe3 cxb4 25.Qxb4 Qxa2 26.Qd4 Qa5 27.Ng4 f6 28.Nxf6+ Nxf6
29.Qxf6 Rad8 30.d6 Qe5 31.Qxe5 Rxe5 32.Rc7 a5 33.Rb1 Rd5 34.Rbb7 R5xd6 35.Rg7+ Kf8
36.Rxh7 Kg8 37.Rbg7+ Kf8 38.Ra7 Kg8 39.Rhb7 Rf6 40.Rxa5 Rd1+ 41.Kh2 Rxf2
42.Ra6 g5 43.Ra5 g4 44.Rg5+ Kh8 45.Rxg4  1-0

[Event "German Cup"]
[Site "Baden Baden GER"]
[Date "2005.04.17"]
[Round "2"]
[White "Sokolov,I"]
[Black "Krasenkow,M"]
[Result "1-0"]
[WhiteElo "2662"]
[BlackElo "2672"]

1.d4 Nf6 2.c4 g6 3.Nc3 d5 4.cxd5 Nxd5 5.Bd2 Bg7 6.e4 Nb6 7.Be3 O-O 8.h3 f5
9.exf5 Bxf5 10.Nf3 Nc6 11.Qb3+ Kh8 12.d5 Ne5 13.Nxe5 Bxe5 14.Rd1 Qc8 15.Bd3 e6
16.Bxf5 exf5 17.O-O Qd7 18.Bc5 Rfe8 19.Nb5 Nc8 20.Rfe1 Nd6 21.Rxe5 Rxe5 22.Nxd6 cxd6
23.Bd4 f4 24.Bxe5+ dxe5 25.d6 Kg7 26.Rc1 Kh6 27.Rc7 Qxd6 28.Qf7 Rf8 29.Qxh7+ Kg5
30.Rxb7 f3 31.Qe7+ Rf6 32.Rd7 Qxe7 33.Rxe7 Kf4 34.Rxa7 e4 35.gxf3 Kxf3 36.Ra3+ Kf4
37.b4  1-0

[Event "TCh-POL Ekstraliga"]
[Site "Lubniewice POL"]
[Date "2005.09.04"]
[Round "2"]
[White "Urban,K"]
[Black "Krasenkow,M"]
[Result "1/2-1/2"]
[WhiteElo "2482"]
[BlackElo "2663"]

1.d4 d5 2.Nf3 Nf6 3.g3 Bf5 4.Bg2 e6 5.c4 c6 6.Nc3 Be7 7.O-O O-O 8.Nh4 dxc4
9.Nxf5 exf5 10.e3 Nbd7 11.Qc2 g6 12.Nb1 Nb6 13.Nd2 h5 14.Nxc4 h4 15.b3 hxg3
16.hxg3 Nfd5 17.Bb2 Bd6 18.Rfe1 Re8 19.Rac1 Re6 20.e4 fxe4 21.Rxe4 Rxe4 22.Bxe4 Qf6
23.Nxd6 Qxd6 24.Kg2 Kg7 25.Rh1 Rh8 26.Rxh8 Kxh8 27.Qd2 Kg8 28.Bf3 Qe6 29.Qg5  1/2-1/2

[Event "TCh-POL Ekstraliga"]
[Site "Lubniewice POL"]
[Date "2005.09.06"]
[Round "4"]
[White "Koziak,V"]
[Black "Krasenkow,M"]
[Result "0-1"]
[WhiteElo "2486"]
[BlackElo "2663"]

1.d4 Nf6 2.c4 g6 3.Nc3 d5 4.Nf3 Bg7 5.e3 O-O 6.b4 Ne4 7.Bb2 c6 8.Qc2 a5 9.bxa5 Qxa5
10.Bd3 Na6 11.a3 Nac5 12.cxd5 Nxd3+ 13.Qxd3 cxd5 14.Qb5 Qxb5 15.Nxb5 Bd7
16.Nc3 Rfc8 17.Nxd5 Rc2 18.Nb6 Bb5 19.Nxa8 Rxb2 20.O-O-O Ra2 21.Nc7 Ba4 22.Nd5 Ra1+
23.Kb2 Rxd1 24.Rxd1 Bxd1 25.Nxe7+ Kf8 26.Nc8 Nxf2 27.Nd6 Bxf3 28.gxf3 Nd1+  0-1

[Event "Midnight Sun"]
[Site "Tromso NOR"]
[Date "2006.06.24"]
[Round "1"]
[White "Barr,S"]
[Black "Krasenkow,M"]
[Result "0-1"]
[WhiteElo "1939"]
[BlackElo "2650"]

1.d4 Nf6 2.c4 c5 3.d5 e5 4.Nc3 d6 5.e4 Be7 6.Bd3 O-O 7.h3 Nbd7 8.Qe2 a6 9.g4 Rb8
10.g5 Ne8 11.Nf3 g6 12.h4 Ng7 13.Nh2 f6 14.Rg1 Kh8 15.Be3 fxg5 16.hxg5 Nh5
17.O-O-O Nf4 18.Bxf4 Rxf4 19.Nf3 Nf8 20.Qe3 Bd7 21.Ne2 Rg4 22.Kb1 b5 23.Rxg4 Bxg4
24.Neg1 Nd7 25.Rc1 Nb6 26.Be2 Nxc4 27.Bxc4 bxc4 28.Rxc4 Qd7 29.Qc3 Kg8 30.Nh2 Bxg5
31.Qg3 Qb5 32.Qc3 Bh5  0-1

[Event "Midnight Sun"]
[Site "Tromso NOR"]
[Date "2006.06.25"]
[Round "2"]
[White "Krasenkow,M"]
[Black "Lohou,S"]
[Result "1-0"]
[WhiteElo "2650"]
[BlackElo "2142"]

1.Nf3 Nf6 2.c4 g6 3.Nc3 d5 4.Qa4+ c6 5.cxd5 Nxd5 6.Nxd5 Qxd5 7.e4 Qd8 8.d4 Bg7
9.Be3 Qb6 10.O-O-O O-O 11.Qa3 Na6 12.Bxa6 bxa6 13.Rd2 Qb7 14.Re1 Rd8 15.Rc2 Bg4
16.Ne5 Bxe5 17.dxe5 Be6 18.f4 Rd7 19.b3 Qb5 20.Qc5 Rb8 21.h3 Qd3 22.Qxc6 Bxb3
23.axb3 Rxb3 24.Qc4 Ra3 25.Qxd3 Rdxd3 26.Bf2 Ra1+ 27.Kb2  1-0

[Event "Midnight Sun"]
[Site "Tromso NOR"]
[Date "2006.06.30"]
[Round "7"]
[White "Gullaksen,E"]
[Black "Krasenkow,M"]
[Result "1/2-1/2"]
[WhiteElo "2380"]
[BlackElo "2650"]

1.e4 e5 2.Nf3 Nc6 3.Bb5 a6 4.Ba4 Nf6 5.Qe2 b5 6.Bb3 Bc5 7.c3 O-O 8.O-O d5
9.d3 Be6 10.Bg5 dxe4 11.dxe4 Bxb3 12.axb3 Qd6 13.b4 Bb6 14.Nbd2 Nh5 15.Nb3 Qg6
16.Rfd1 f5 17.Be3 Bxe3 18.fxe3 f4 19.Nc5 fxe3 20.Qxe3 Nf4 21.g3 Qg4 22.Rf1 Rf6
23.Rxa6 Re8 24.Nd3 Nxd3 25.Qxd3 Rd8 26.Qe3 Rdf8 27.Kg2 Qe6 28.Qe2 Qg4 29.Qe3 Qe6
30.Qe2 Qg4  1/2-1/2

[Event "TCh-ESP Final"]
[Site "Lugo ESP"]
[Date "2006.11.03"]
[Round "1"]
[White "Krasenkow,M"]
[Black "Shirov,A"]
[Result "1/2-1/2"]
[WhiteElo "2647"]
[BlackElo "2720"]

1.Nf3 d5 2.d4 Nf6 3.c4 c6 4.Nc3 dxc4 5.a4 Bf5 6.e3 e6 7.Bxc4 Bb4 8.Ne5 Nbd7
9.Nxd7 Qxd7 10.f3 Rd8 11.O-O O-O 12.Qb3 Ba5 13.Ne2 h6 14.e4 Bh7 15.Be3 Qe7
16.Rfd1 Nd5 17.Bf2 Nb4 18.Nf4 Bc7 19.Nd3 Nxd3 20.Rxd3 Rd7 21.Qc3 a5 22.Rad1 Rfd8
23.Qe1 Bb6 24.Kf1 Qf6 25.Qc3 Qf4 26.Kg1 Bg6 27.g3 Qf6 28.Kg2 Qe7 29.R3d2 Kh7
30.h4 Bc7 31.d5 exd5 32.exd5 cxd5 33.Rxd5 Rxd5 34.Rxd5 Rxd5 35.Bxd5 h5 36.Qc5 Qxc5
37.Bxc5 b6 38.Bd4 f6 39.Be4 Bxe4 40.fxe4 Kg6 41.Kf3 Kf7 42.g4 g6 43.Bf2 Ke6
44.Be3 Bd8 45.Bf4 Kd7 46.Bg3 hxg4+ 47.Kxg4 Kc6 48.h5 gxh5+ 49.Kxh5 b5 50.axb5+ Kxb5
51.Kg6 a4 52.Bh4 f5 53.Bxd8 fxe4 54.Kf5 a3 55.bxa3  1/2-1/2

[Event "6th Amplico AIG Life"]
[Site "Warsaw POL"]
[Date "2006.12.16"]
[Round "1"]
[White "Krasenkow,M"]
[Black "Sowul,B"]
[Result "1-0"]
[WhiteElo "2647"]
[BlackElo "1965"]

1.e4 c5 2.Nc3 e6 3.Nge2 Nc6 4.g3 g6 5.d4 cxd4 6.Nxd4 Bg7 7.Ndb5 Bf8 8.Bf4 e5
9.Nd5 Bb4+ 10.Nxb4 Nxb4 11.Bxe5 f6 12.Nc7+ Kf7 13.Bd6 Rb8  1-0

[Event "6th Amplico AIG Life"]
[Site "Warsaw POL"]
[Date "2006.12.16"]
[Round "2"]
[White "Tvarijonas,P"]
[Black "Krasenkow,M"]
[Result "1-0"]
[WhiteElo "2229"]
[BlackElo "2647"]

1.e4 g6 2.d4 Bg7 3.Nf3 d6 4.Be2 Nf6 5.Nc3 O-O 6.O-O c6 7.h3 b5 8.a3 a6 9.Bf4 Nbd7
10.Bh2 Nb6 11.Qd2 d5 12.exd5 cxd5 13.Rfe1 Bb7 14.Ne5 Rc8 15.Bf3 Nc4 16.Nxc4 Rxc4
17.Be5 Ne4 18.Nxe4 dxe4 19.Bxg7 Kxg7 20.Bxe4 Rxd4 21.Qc3 Bc8 22.Bf3 Kg8 23.Rxe7 Rc4
24.Qe3 Be6 25.Rxe6 fxe6 26.Qxe6+ Kh8 27.Qxa6 Rxc2 28.Rd1 Qg5 29.Qd6 Qf6 30.Qd5 Qxb2
31.Rd4 Qc1+ 32.Kh2 Rc5 33.Qd6 Rcf5 34.Re4 Qb2 35.Re2 Qa1 36.Re7 R5f7 37.Rxf7 Rxf7
38.Qb8+ Kg7 39.Qxb5 Qxa3 40.Qe5+ Kh6 41.Qd4 Qe7 42.Qd2+ Kg7 43.Qd4+ Rf6 44.Qc3 g5
45.Qb2 Kh6 46.Qc1 Qe5+ 47.Kg1 Ra6 48.Qd2 Ra1+ 49.Bd1 Qf4 50.Qd8 Ra6 51.Bf3 Re6
52.Qd1 Qb4 53.Qd3 Qe1+ 54.Kh2 Qxf2 55.Qf5 Qe3 56.Qf8+ Kg6 57.Qg8+ Kf6 58.Qf8+ Ke5
59.Qb8+ Rd6 60.Qh8+ Rf6 61.Qxh7 Kd6 62.Qh8 Qe5+ 63.Kg1 Kc7 64.Qa8 Qc5+ 65.Kh2 Rb6
66.Qa7+ Kd8 67.Qa8+ Ke7 68.Qe4+ Kd8 69.Qd5+ Qxd5 70.Bxd5 Ke7 71.Kg3 Kf6 72.h4 Rb3+  1-0

[Event "6th Amplico AIG Life"]
[Site "Warsaw POL"]
[Date "2006.12.16"]
[Round "4"]
[White "Ludwikowski,D"]
[Black "Krasenkow,M"]
[Result "0-1"]
[WhiteElo "2160"]
[BlackElo "2647"]

1.Nf3 d6 2.d4 Bg4 3.g3 Bxf3 4.exf3 d5 5.c4 c6 6.Qb3 Qd7 7.Be3 e6 8.Nd2 Nf6
9.Rc1 Be7 10.cxd5 Nxd5 11.a3 O-O 12.Bg2 Qc7 13.f4 Qb6 14.Bxd5 exd5 15.O-O Nd7
16.Qc2 Rfe8 17.Nf3 Nf6 18.Ne5 Ne4 19.Rfe1 f6 20.Nd7 Qc7 21.Nc5 Bf8 22.Nxe4 Rxe4
23.f3 Re7 24.Bf2 Rae8 25.Rxe7 Rxe7 26.Re1 Rxe1+ 27.Bxe1 c5 28.dxc5 Qxc5+
29.Qxc5 Bxc5+ 30.Kf1 f5 31.Ke2 Kf7 32.g4 Ke6 33.Kd3 Bg1 34.h3 d4 35.Bb4 b6
36.Bd2 g6 37.b3 b5 38.Bc1 Kd5 39.Bd2 h5 40.Bc1 a5 41.Bd2 a4 42.bxa4 bxa4
43.Bc1 Be3 44.Bb2 Bxf4 45.Bxd4 Bc1 46.gxf5 gxf5  0-1

[Event "6th Amplico AIG Life"]
[Site "Warsaw POL"]
[Date "2006.12.16"]
[Round "5"]
[White "Krasenkow,M"]
[Black "Narmontas,M"]
[Result "0-1"]
[WhiteElo "2647"]
[BlackElo "2310"]

1.Nf3 f5 2.d3 Nf6 3.e4 fxe4 4.Ng5 e5 5.dxe4 h6 6.Nf3 Nc6 7.Bc4 Bc5 8.O-O d6
9.Nh4 Ne7 10.Be3 Bg4 11.Qd3 Bxe3 12.fxe3 Qd7 13.Qb3 O-O-O 14.h3 Bxh3 15.gxh3 d5
16.Be2 Qxh3 17.Ng2 Nxe4 18.Qa4 Kb8 19.Nc3 Ng3 20.Rf7 Rhf8 21.Rxf8 Qh1+ 22.Kf2 Rxf8+
23.Bf3 Qxa1 24.Kxg3 e4 25.Bg4 Qxb2 26.Qd4 Qxc2 27.Qxg7 Qf2+ 28.Kh3 h5 29.Be6 Qf3+
30.Kh2 Qf6 31.Qxf6 Rxf6 32.Bxd5 Ra6 33.Nxe4 Rxa2 34.Ng3 a5 35.e4 a4 36.e5 Kc8
37.e6 a3 38.Kh3 Rxg2  0-1